| 000 | 01049cam a2200289 i 4500 | ||
|---|---|---|---|
| 001 | 3244303 | ||
| 005 | 20020814201931.0 | ||
| 008 | 800422s1981 nyua b 001 0 eng | ||
| 010 | _a 80016486 | ||
| 020 | _a0070587108 | ||
| 040 |
_aDLC _cDLC _dDLC |
||
| 050 | 0 | 0 |
_aTP149 _b.S58 1981 |
| 082 | 0 | 0 |
_a660.2994 _bSMI |
| 100 | 1 |
_aSmith, J. M. _q(Joseph Mauk), _d1916- _96218 |
|
| 245 | 1 | 0 |
_aChemical engineering kinetics / _cJ. M. Smith. |
| 250 | _a3rd ed. | ||
| 260 |
_aNew York : _bMcGraw-Hill, _cc1981. |
||
| 300 |
_axix, 676 p. : _bill. ; _c25 cm. |
||
| 490 | 0 | _aMcGraw-Hill chemical engineering series | |
| 504 | _aIncludes bibliographical references and indexes. | ||
| 650 | 0 |
_aChemical engineering. _96219 |
|
| 650 | 0 |
_aChemical kinetics. _96220 |
|
| 650 | 0 |
_aThermodynamics. _96221 |
|
| 856 | 4 | 1 |
_3Table of contents _uhttp://www.loc.gov/catdir/toc/mh021/80016486.html |
| 942 |
_2ddc _cBB |
||
| 999 |
_c11845 _d11845 |
||